[Event "Staufer op-B 27th"]
[Site "Schwaebisch Gmuend"]
[Date "2015.01.02"]
[Round "2"]
[White "Schuler, Dominik"]
[Black "Romes, Max"]
[Result "1/2-1/2"]
[WhiteElo "1780"]
[BlackElo "1906"]
[PlyCount "63"]
[EventDate "2015.01.02"]
[EventType "swiss"]
[EventRounds "9"]
[EventCountry "GER"]
[SourceTitle "EXT 2016"]
[Source "ChessBase"]
[SourceDate "2015.10.08"]
[SourceVersion "1"]
[SourceVersionDate "2015.10.08"]
[SourceQuality "1"]

1. c4 c5 2. g3 e6 3. Bg2 Be7 4. Nf3 Bf6 5. 0-0 h5 6. Nc3 d6 7. Ne4 Nc6 8. d3 Nge7 9. Rb1 Ng6 10. Nxf6+ gxf6 11. h4 f5 12. d4 Qe7 13. Re1 e5 14. d5 Nd8 15. b4 b6 16. bxc5 bxc5 17. Ng5 f6 18. Nh3 f4 19. Rb3 Nf7 20. Qd3 Rg8 21. Qb1 Qc7 22. Kh2 Nh6 23. Bd2 fxg3+ 24. fxg3 Ng4+ 25. Kg1 Kf7 26. Be4 Ne7 27. Rf1 Kg7 28. Rbf3 Rb8 29. Qd3 Bd7 30. Ng5 Qc8 31. Bc1 Rf8 32. Nh7 1/2-1/2